Wrecked (Record no. 240666)
[ view plain ]
| 000 -LEADER | |
|---|---|
| fixed length control field | 01445nam a22002297a 4500 |
| 005 - DATE AND TIME OF LATEST TRANSACTION | |
| control field | 20251104162810.0 |
| 008 - FIXED-LENGTH DATA ELEMENTS--GENERAL INFORMATION | |
| fixed length control field | 251104b |||||||| |||| 00| 0 eng d |
| 020 ## - INTERNATIONAL STANDARD BOOK NUMBER | |
| International Standard Book Number | 9781398539532 |
| 040 ## - CATALOGING SOURCE | |
| Transcribing agency | AL |
| 041 ## - LANGUAGE CODE | |
| Language code of text/sound track or separate title | eng |
| 082 ## - DEWEY DECIMAL CLASSIFICATION NUMBER | |
| Classification number | 823.914 |
| Item number | ASHW |
| 100 ## - MAIN ENTRY--PERSONAL NAME | |
| Personal name | Lauren Asher |
| 100 ## - MAIN ENTRY--PERSONAL NAME | |
| 9 (RLIN) | 243891 |
| 245 ## - TITLE STATEMENT | |
| Title | Wrecked |
| 260 ## - PUBLICATION, DISTRIBUTION, ETC. | |
| Place of publication, distribution, etc. | London |
| Name of publisher, distributor, etc. | Simona and Schuster |
| Date of publication, distribution, etc. | 2024 |
| 300 ## - PHYSICAL DESCRIPTION | |
| Extent | 407p |
| Other physical details | PB |
| Dimensions | 20x13cm |
| 365 ## - TRADE PRICE | |
| Source of price type code | English |
| Price type code | 4241 |
| Price amount | ₹399.20 |
| Currency code | ₹ |
| Unit of pricing | ₹499.00 |
| Price note | 20% |
| Price effective from | 25-10-2025 |
| 440 ## - SERIES STATEMENT/ADDED ENTRY--TITLE | |
| Title | Dirty air series |
| 9 (RLIN) | 243892 |
| 520 ## - SUMMARY, ETC. | |
| Summary, etc. | Jax<br/>Pills. Alcohol. Adrenaline.<br/>I'm addicted to destructive decisions that numb my pain.<br/>Until one night when I make a catastrophic mistake.<br/>To repair my broken reputation, my team hires Elena--<br/>An overpaid babysitter set on ruining my plans.<br/>She's my damnation disguised as my salvation.<br/>And my newest addiction.<br/>Elena<br/>I begged the universe to save me from my financial disaster.<br/>It answered my call with a Formula 1 team desperate for a PR miracle.<br/>One season. One job. One broody British racer.<br/>Except that Jax turns our hotel room into a battleground.<br/>To beat the enemy, I need to find his weaknesses.<br/>What I learn threatens to ruin everything.<br/>Him. Me. Us.<br/>Love is a warzone, and neither one of us plans to surrender.<br/>Wrecked is a steamy standalone in the Dirty Air world. Recommended for mature audiences. |
| 650 ## - SUBJECT ADDED ENTRY--TOPICAL TERM | |
| Topical term or geographic name entry element | English Fiction |
| 9 (RLIN) | 243893 |
| 650 ## - SUBJECT ADDED ENTRY--TOPICAL TERM | |
| Topical term or geographic name entry element | English Novel |
| 9 (RLIN) | 243894 |
| 942 ## - ADDED ENTRY ELEMENTS (KOHA) | |
| Source of classification or shelving scheme | Dewey Decimal Classification |
| Koha item type | Book |
| Withdrawn status | Lost status | Source of classification or shelving scheme | Damaged status | Not for loan | Collection code | Home library | Current library | Shelving location | Date acquired | Source of acquisition | Cost, normal purchase price | Total Checkouts | Full call number | Barcode | Date last seen | Date last checked out | Cost, replacement price | Price effective from | Koha item type |
|---|---|---|---|---|---|---|---|---|---|---|---|---|---|---|---|---|---|---|---|
| Dewey Decimal Classification | English | St Aloysius Library | St Aloysius Library | Stack Section | 10/30/2025 | Biblios Book Point, Surathkal, Mangalore-575014 | 399.20 | 2 | 823.914 ASHW | 077978 | 01/13/2026 | 01/02/2026 | 499.00 | 10/25/2025 | Book |